Sports Quiz

Random Sports Quiz
Score 0/100 Timer 15:00
0 Plays Today
League Player % Correct
AmericanBabe Ruth
99.6%
NationalBarry Bonds
99.6%
NationalHank Aaron
99.2%
AmericanAlex Rodriguez
98.7%
NationalWillie Mays
98.1%
AmericanTed Williams
97.8%
NationalBilly Williams
97.8%
NationalMatt Williams
97.7%
AmericanMickey Mantle
96%
AmericanFrank Thomas
95.3%
AmericanJim Thome
94.6%
NationalSammy Sosa
94%
NationalMike Schmidt
93.8%
AmericanReggie Jackson
93.6%
AmericanHarmon Killebrew
93.2%
AmericanManny Ramirez
93%
AmericanKen Griffey Jr.
92.9%
AmericanLou Gehrig
92.8%
NationalAramis Ramirez
92.8%
NationalChipper Jones
91.9%
NationalAndruw Jones
91.9%
AmericanMark McGwire
91.7%
NationalFrank Robinson
91.4%
NationalWillie McCovey
90.7%
NationalMel Ott
90.4%
AmericanRafael Palmeiro
90.4%
NationalErnie Banks
88.7%
AmericanJimmie Foxx
88.6%
AmericanCal Ripken
88.2%
NationalAlbert Pujols
88.2%
NationalJeff Bagwell
88.1%
NationalJohnny Bench
87.8%
NationalStan Musial
87.3%
AmericanJuan Gonzalez
87.1%
League Player % Correct
NationalLuis Gonzalez
87%
NationalWillie Stargell
86.9%
AmericanJose Canseco
86.4%
AmericanEddie Murray
85%
AmericanCarl Yastrzemski
85%
NationalGary Sheffield
84.3%
AmericanDavid Ortiz
84%
AmericanJoe DiMaggio
83.7%
NationalLarry Walker
81.2%
NationalEddie Mathews
80.9%
AmericanJim Rice
80.4%
AmericanAl Kaline
80%
NationalMike Piazza
79.9%
NationalTodd Helton
79.6%
AmericanJoe Carter
79.3%
NationalGary Carter
79.2%
AmericanEdgar Martinez
79%
AmericanTino Martinez
78.8%
NationalAndre Dawson
78.8%
AmericanYogi Berra
78.5%
AmericanTim Salmon & Mo Vaughn
78.2%
AmericanCarlos Delgado
77.8%
AmericanAlbert Belle
77.3%
AmericanGeorge Brett
77.1%
AmericanCecil Fielder
76.7%
NationalDuke Snider
75.4%
AmericanDave Winfield
75.3%
NationalAndres Galarraga
73.7%
AmericanDwight Evans
73.4%
NationalDarryl Strawberry
72.9%
AmericanHank Greenberg
71.6%
AmericanJason Giambi
71.4%
NationalDale Murphy
71.3%
AmericanPaul Konerko
71.1%
League Player % Correct
NationalRalph Kiner
70.7%
NationalLance Berkman
70.5%
NationalDave Kingman
68.9%
NationalAdam Dunn
67.6%
NationalTony Perez
67.6%
AmericanJay Buhner
66%
AmericanCarlton Fisk
65.8%
NationalJeff Kent
61.7%
NationalRon Santo
61.5%
NationalDerrek Lee
60.9%
NationalGeorge Foster
60.6%
NationalVinny Castilla
56.3%
NationalRogers Hornsby
55.8%
NationalOrlando Cepeda
55.7%
NationalScott Rolen & Reggie Sanders
53.7%
NationalGil Hodges
52.2%
NationalJohnny Mize
52.2%
AmericanBoog Powell
51.9%
AmericanGraig Nettles
48.1%
AmericanHarold Baines
47.8%
AmericanNorm Cash
47.4%
AmericanJermaine Dye
46.5%
NationalMoises Alou
45.3%
AmericanFred Lynn
44%
AmericanRocky Colavito
42.2%
AmericanAl Simmons
42.2%
AmericanDon Baylor
40.6%
NationalRon Cey
39.3%
NationalChuck Klein
35.8%
NationalRon Gant
33%
AmericanRuben Sierra
29.4%
AmericanWillie Horton
26.8%
Remove Ads.
Support Sporcle.
Get the best of Sporcle when you Go Orange. This ad-free experience offers more features, more stats, and more fun while also helping to support Sporcle. Thank you for becoming a member.

You're not logged in!

Compare scores with friends on all Sporcle quizzes.
OR
Log In

Show Comments

Extras

Created Jul 12, 2012ReportNominate
Tags:hit, Hitter, home, League, Player, run

Top Quizzes Today


Score Distribution

Your Account Isn't Verified!

In order to create a playlist on Sporcle, you need to verify the email address you used during registration. Go to your Sporcle Settings to finish the process.

Report this User

Report this user for behavior that violates our Community Guidelines.

Details: